1794 1356 1066 1283 1302 1610 1180 1734 1809 1389 1286 1696 1008 1685 1087 1019 1787 1605 1164 1687 1955 1337 1993 1406 1988 1713 1513 1898 1899 1937 1931 1869 1332 1571 1361 1963 1554 1451 1371 1348 1653 1632 1469 1689 1112 1355 1582 1762 1697 1410 1590 1373 1674 1691 1682 1403 1100 1501 1566 1938 1816 1722 1516 1311 1816 1269 1094 1549 1466 1813 1280 1483 1251 1951 1174 1496 1180 1388 1701 1909 1420 1921 1821 1283 1711 1434 1312 1370 1902 1382 1208 1066 1095 1085 1152 1311 1171 1088 1702 BCNSPRNW ULIB Ver.6.0+V

เปลี่ยนเป็นภาษาไทย

Change to English
 แสดงรายละเอียดบรรณานุกรม
  กลับหน้าหลัก

Brief Record : Get Marc (ISO 2709) : E-mail record : QR code < ปิดหน้าต่าง
LEADER : 00000nam 2200000uu 4500
001    13399112720
003     ULIB
008    110907s2544||||th 000 0 tha d
020    9748391264
050  4 LB2331.65.T5^bอ824ว 2544
100 0  อุทุมพร (ทองอุไทย) จามรมาน
245 10 วิธีทำการประกันคุณภาพการศึกษาของสถาบันอุดมศึกษา :^bรวมตัวอย่างดัชนี เกณฑ์ และรายงานประเมินตัวเอง /^cโดย อุทุมพร (ทองอุไทย) จามรมาน
260    กรุงเทพฯ :^bโรงพิมพ์ฟันนี่,^c2544
300    267 หน้า ;^c21 ซม.
650  4 ประกันคุณภาพการศึกษาระดับอุดมศึกษา^zไทย
650  4 การศึกษาขั้นอุดมศึกษา^xมาตรฐาน^zไทย
650  4 สถาบันอุดมศึกษา^zไทย^xการประเมิน
650  4 สถาบันอุดมศึกษา^xมาตรฐาน^zไทย
650  4 การประเมินตนเอง
945    ^p100^l0^i029094
945    ^p100^l0^i029119
995    ทศพร
999 ^a ทศพร
รายการนี้ยังไม่มีแท็ก
คุณยังไม่ได้ล็อกอิน คุณสามารถมีกิจกรรมร่วมกับเว็บไซต์ได้ แต่ต้องล็อกอินก่อน ::
  ล็อกอิน

รายการสื่อสารสนเทศ

ลำดับที่ ประเภท เลขเรียก/บาร์โค้ด สถานที่ สถานะ
- ไม่พบข้อมูล -

รายการใกล้เคียง
    ผู้แต่ง [อุทุมพร (ทองอุไทย) จามรมาน]

BibComment


ยังไม่เคยถูกคอมเมนท์

คอมเมนท์ทรัพยากรรายการนี้
  คอมเมนท์: วิธีทำการประกันคุ..


 Copyright 2026. Bcnsprnw @Library